[Event "ch-FRA Blitz Online Qual"]
[Site "Europe-Chess INT"]
[Date "2020.05.16"]
[Round "15"]
[White "Lovichi, Raphael"]
[Black "Staune, Jean"]
[Result "1/2-1/2"]
[WhiteElo "1406"]
[BlackElo "1719"]
[WhiteFideId "45172935"]
[BlackFideId "26091631"]
[EventDate "2020.05.16"]

1. e4 c5 2. d4 cxd4 3. c3 dxc3 4. Nxc3 d6 5. Bc4 Nc6 6. Nf3 Nf6 7. Qe2 e6 8. O-O
Be7 9. Rd1 Qc7 10. Bf4 e5 11. Bg3 O-O 12. Nd5 Nxd5 13. Bxd5 Qb6 14. Rac1 Nb4 15.
Bb3 Bg4 16. a3 Nc6 17. Bd5 Nd4 18. Qd3 Nxf3+ 19. gxf3 Bd7 20. b4 Bb5 21. Bc4
Bxc4 22. Rxc4 Rac8 23. Rdc1 Rxc4 24. Qxc4 h6 25. Qc7 Bd8 26. Qc4 a6 27. f4 Bf6
28. fxe5 Bxe5 29. Bxe5 dxe5 30. Qc7 Qxc7 31. Rxc7 Rb8 32. Kf1 g5 33. Ke2 Kg7 34.
Kd3 Kf6 35. Kc4 b5+ 36. Kc5 h5 37. Rc6+ Ke7 38. Rxa6 Rc8+ 39. Kxb5 Rc2 40. Ra7+
Kf6 41. a4 Rxf2 42. Ka6 Rxh2 43. b5 g4 44. b6 g3 45. b7 g2 46. b8=Q g1=Q 47.
Qd6+ Kg5 48. Qxe5+ Kh4 49. Qf4+ Qg4 50. Qf6+ Qg5 51. Qxg5+ Kxg5 52. Rxf7 Re2 53.
Re7 h4 54. Ka7 h3 55. a5 Kg6 56. Re8 Kg7 57. Re5 Kg6 58. Re8 Kg7 59. Re5 Kg6 60.
Re8 1/2-1/2

[Event "ch-FRA Blitz Online Qual"]
[Site "Europe-Chess INT"]
[Date "2020.05.16"]
[Round "15"]
[White "Gouja, Wissem"]
[Black "Mecili, Nabil"]
[Result "0-1"]
[WhiteElo "1346"]
[BlackElo "1688"]
[WhiteFideId "551013800"]
[BlackFideId "618420"]
[EventDate "2020.05.16"]

1. e4 d6 2. d4 Nf6 3. Nc3 g6 4. Nf3 Bg7 5. Bd3 O-O 6. O-O c6 7. h3 b5 8. Bf4 a5
9. a4 b4 10. Ne2 Ba6 11. c4 c5 12. d5 Nbd7 13. e5 dxe5 14. Nxe5 Nh5 15. Nc6 Qe8
16. Bh2 Bxb2 17. Rb1 Bg7 18. Nf4 Nxf4 19. Bxf4 Bb7 20. Be3 Bxc6 21. dxc6 Ne5 22.
Bxc5 Qxc6 23. Bxe7 Rfe8 24. Bh4 f6 25. Qc2 Rad8 26. Be4 Qc5 27. Bd5+ Rxd5 28.
Rfd1 Rxd1+ 29. Rxd1 Qxc4 30. Qd2 Qxh4 31. Qd6 Qc4 32. Rd5 Nf7 33. Qd7 Rd8 34.
Qxd8+ Nxd8 35. Rxd8+ Kf7 36. Rd7+ Kf8 37. Rd8+ Ke7 38. Ra8 b3 39. Rxa5 b2 40.
Ra7+ Ke6 41. Rb7 Qc1+ 42. Kh2 b1=Q 43. Rxb1 Qxb1 44. a5 Qa1 45. a6 Qxa6 46. f4
Qd6 47. g4 g5 48. h4 Qxf4+ 49. Kh3 gxh4 50. Kxh4 Qf2+ 51. Kh3 Qe3+ 52. Kh4 Qg5+
53. Kh3 Ke5 54. Kg3 Ke4 55. Kh3 Kf3 56. Kh2 Qxg4 57. Kh1 Qg2# 0-1

[Event "ch-FRA Blitz Online Qual"]
[Site "Europe-Chess INT"]
[Date "2020.05.16"]
[Round "15"]
[White "Gabino, Karl"]
[Black "Azizyan, Rafayel"]
[Result "0-1"]
[WhiteElo "1331"]
[BlackElo "1667"]
[WhiteFideId "45135886"]
[BlackFideId "651016931"]
[EventDate "2020.05.16"]

1. e4 e6 2. d4 d5 3. exd5 exd5 4. Bd3 Bd6 5. Nf3 Bg4 6. O-O Ne7 7. Re1 O-O 8.
Bg5 c6 9. Nbd2 h6 10. Bh4 Qc7 11. Bg3 Bxg3 12. hxg3 Bh5 13. c3 Bg6 14. Bxg6 Nxg6
15. Qc2 Nd7 16. b3 Rae8 17. c4 Nf6 18. c5 Rxe1+ 19. Rxe1 Re8 20. Rxe8+ Nxe8 21.
b4 a5 22. a3 Nf6 23. Qb2 a4 24. b5 cxb5 25. Qxb5 Qc6 26. Qb4 Ne7 27. Ne5 Qa6 28.
Nb1 Nc6 29. Nxc6 bxc6 30. Nc3 Qc4 31. Qxc4 dxc4 32. Nxa4 Ne4 33. Kf1 c3 34. Ke1
c2 0-1

[Event "ch-FRA Blitz Online Qual"]
[Site "Europe-Chess INT"]
[Date "2020.05.16"]
[Round "15"]
[White "Batout, Ethan"]
[Black "Tulliez, Andre"]
[Result "0-1"]
[WhiteElo "1267"]
[BlackElo "1777"]
[WhiteFideId "551081806"]
[BlackFideId "45107181"]
[EventDate "2020.05.16"]

1. d4 Nf6 2. c4 d6 3. Nc3 e5 4. dxe5 dxe5 5. Qxd8+ Kxd8 6. Bg5 Be6 7. e3 c6 8.
Nf3 Nd7 9. O-O-O Kc7 10. Bxf6 gxf6 11. g3 Bg4 12. Bg2 Bb4 13. h3 Bf5 14. g4 Be6
15. Nd2 Nc5 16. a3 Nd3+ 17. Kc2 Bxc3 18. Kxd3 Bxb2 19. Nb1 e4+ 20. Bxe4 Rad8+
21. Kc2 Rxd1 22. Rxd1 Be5 23. f4 Bd6 24. Kc3 Rd8 25. Rd2 Rd7 26. Bxh7 b5 27.
cxb5 cxb5 28. f5 Bc4 29. h4 Be5+ 30. Kc2 Rxd2+ 31. Kxd2 a5 32. g5 fxg5 33. hxg5
b4 34. axb4 axb4 35. g6 fxg6 36. fxg6 Bg7 37. Kc2 Kd6 38. Nd2 Ba2 39. Nb3 Kd5
40. Nc1 Bc4 41. Nd3 b3+ 0-1

[Event "ch-FRA Blitz Online Qual"]
[Site "Europe-Chess INT"]
[Date "2020.05.16"]
[Round "15"]
[White "Vasselin, Louis"]
[Black "Minde, Timothe"]
[Result "1-0"]
[WhiteElo "1590"]
[BlackElo "1075"]
[WhiteFideId "36070238"]
[BlackFideId "551015579"]
[EventDate "2020.05.16"]

1. d4 d5 2. Bf4 e6 3. e3 c5 4. c3 Nc6 5. Nf3 Qb6 6. Qc2 cxd4 7. exd4 Qd8 8. Nbd2
Bd6 9. Bg3 Nge7 10. Bd3 h6 11. O-O O-O 12. Rfe1 Bxg3 13. hxg3 b6 14. a4 Bb7 15.
b4 a6 16. b5 axb5 17. axb5 Na7 18. c4 dxc4 19. Bxc4 Qc7 20. Qd3 Bxf3 21. Nxf3
Rac8 22. Rec1 Qb7 23. Ne5 Ra8 24. Bb3 Nac8 25. Rxa8 Qxa8 26. Nc6 Nxc6 27. bxc6
Ne7 28. Qb5 Rc8 29. d5 exd5 30. Bxd5 Nxd5 31. Qxd5 Kf8 32. Qd6+ Kg8 33. c7 Qb7
34. Qd8+ Kh7 35. Qd7 f6 36. Rc6 Kg6 37. Qd3+ Kf7 38. Qd5+ Kg6 39. Rxf6+ Kxf6 40.
Qxb7 b5 41. Qxc8 b4 42. Qb7 b3 43. c8=Q b2 44. Qcc6+ Kg5 45. Qbb5+ Kg4 46. Qcc4# 1-0

[Event "ch-FRA Blitz Online Qual"]
[Site "Europe-Chess INT"]
[Date "2020.05.16"]
[Round "15"]
[White "Gratton, Manolo"]
[Black "Boumrar, Ayrad"]
[Result "0-1"]
[WhiteElo "1573"]
[BlackElo "1431"]
[WhiteFideId "551089157"]
[BlackFideId "45182310"]
[EventDate "2020.05.16"]

1. e4 c5 2. Nf3 Nc6 3. d4 cxd4 4. Nxd4 Nf6 5. Nc3 e5 6. Ndb5 d6 7. Bg5 a6 8. Na3
b5 9. Nd5 Be7 10. Be2 Nxd5 11. exd5 Bxg5 12. dxc6 O-O 13. O-O Qc7 14. Qd5 Be6
15. Qf3 f5 16. c3 e4 17. Qh3 Qxc6 18. Rad1 Bf6 19. Kh1 Be5 20. f4 Bf6 21. Qe3
Bxa2 22. Rd2 Be6 23. Rfd1 d5 24. Nc2 a5 25. Nd4 Bxd4 26. Qxd4 a4 27. Qb4 Rfc8
28. Bxb5 Qc5 29. Qxc5 Rxc5 30. Be2 Kf7 31. h3 a3 32. bxa3 Rxc3 33. Rb1 Rcxa3 34.
Rb7+ Kf6 35. Bh5 g6 36. Be2 Rd8 37. Kh2 Rd6 38. Rd4 Re3 39. Bb5 Re1 40. Rxh7 e3
41. Rh6 Kg7 42. Rh4 e2 43. Kg3 Rb6 44. Bd3 Rb3 45. Kf2 Ra1 46. Kxe2 Rb2+ 47. Kf3
Rd1 48. g4 Rbd2 49. Ke3 fxg4 50. hxg4 Rg2 51. f5 gxf5 52. gxf5 Rg3+ 53. Ke2
Rdxd3 54. Rxd3 Rxd3 55. Kxd3 Bxf5+ 56. Kd4 Be4 57. Ke5 Kg6 58. Rg4+ Kh5 59. Rg1
Kh4 60. Kf4 Kh3 61. Rg5 Kh2 62. Rg7 Kh3 63. Rg3+ Kh2 64. Rg5 Kh3 65. Ke3 Kh4 66.
Rg1 Kh5 67. Kf4 Kh4 68. Rg3 Kh5 69. Rh3+ Kg6 70. Ke5 Kg5 71. Ra3 Kg4 72. Kf6 Kf4
73. Rc3 d4 74. Rh3 d3 75. Rh4+ Ke3 76. Ke5 Bf3 77. Rd4 d2 78. Rd7 Be2 79. Rd6
Bd3 80. Rh6 d1=Q 81. Rh3+ Kf2 82. Kf4 Qd2+ 83. Kg4 Bf5+ 84. Kxf5 Qd7+ 85. Kg5
Qxh3 86. Kf4 Qh5 87. Ke4 Ke2 88. Kf4 Kd3 89. Kg3 Ke3 90. Kg2 Qg4+ 91. Kf1 Qg8
92. Ke1 Qg1# 0-1

[Event "ch-FRA Blitz Online Qual"]
[Site "Europe-Chess INT"]
[Date "2020.05.16"]
[Round "15"]
[White "Le Neindre, Yael"]
[Black "Mezouaghi, Miloud"]
[Result "0-1"]
[WhiteElo "1258"]
[BlackElo "1999"]
[WhiteFideId "551064260"]
[BlackFideId "612634"]
[EventDate "2020.05.16"]

1. d4 Nf6 2. c4 g6 3. Nc3 d5 4. cxd5 Nxd5 5. e4 Nxc3 6. bxc3 Bg7 7. Nf3 O-O 8.
Be2 c5 9. O-O Nc6 10. Be3 Bg4 11. d5 Bxf3 12. Bxf3 Na5 13. Qc2 b6 14. Rab1 Nc4
15. Bf4 Na3 16. Qb3 Nxb1 17. Rxb1 Qd7 18. h3 Rad8 19. Bg4 f5 20. exf5 gxf5 21.
d6+ e6 22. Bf3 Kh8 23. Re1 Rfe8 24. Bg5 e5 25. Bxd8 Rxd8 26. Rd1 e4 27. Be2 f4
28. Qc4 Qf5 29. Qb5 f3 30. gxf3 exf3 31. Bf1 Be5 32. d7 Rg8+ 33. Bg2 Qxh3 34.
d8=Q Qxg2# 0-1

[Event "ch-FRA Blitz Online Qual"]
[Site "Europe-Chess INT"]
[Date "2020.05.16"]
[Round "15"]
[White "Dubois, Martine"]
[Black "Giblin, Martin"]
[Result "1-0"]
[WhiteTitle "WIM"]
[WhiteElo "1802"]
[BlackElo "1428"]
[WhiteFideId "601926"]
[BlackFideId "45187053"]
[EventDate "2020.05.16"]

1. e4 c5 2. c3 e6 3. d4 d5 4. exd5 exd5 5. Nf3 Nc6 6. Be2 Nf6 7. O-O Be7 8. Be3
cxd4 9. cxd4 Qb6 10. Nc3 Qxb2 11. Nb5 O-O 12. Rb1 Qxa2 13. Ra1 Qb2 14. Rb1 Qa2
15. Qc1 Qxe2 16. Rd1 Bg4 17. Rd2 Qc4 18. Rc2 Qd3 19. Ne5 Nxe5 20. dxe5 Nd7 21.
Nc7 Rac8 22. Rxb7 Be6 23. Bxa7 Nxe5 24. f4 Nc6 25. Rxc6 Bd7 26. Rc3 Qe4 27. Re3
Qa4 28. Rxe7 1-0

[Event "ch-FRA Blitz Online Qual"]
[Site "Europe-Chess INT"]
[Date "2020.05.16"]
[Round "15"]
[White "Vanneste, Axel"]
[Black "Afraoui, Solenn"]
[Result "0-1"]
[WhiteElo "1413"]
[BlackElo "1889"]
[WhiteFideId "36020192"]
[BlackFideId "625167"]
[EventDate "2020.05.16"]

1. e4 c5 2. Nc3 Nc6 3. f4 e6 4. Nf3 d5 5. exd5 exd5 6. Bb5 Ne7 7. d3 a6 8. Bxc6+
bxc6 9. Be3 Nf5 10. Bf2 Bd6 11. Qe2+ Qe7 12. Qxe7+ Nxe7 13. g3 O-O 14. O-O h6
15. Rad1 Bg4 16. Kg2 Rab8 17. Na4 d4 18. b3 Nd5 19. Rde1 Rfe8 20. Nb2 Bc7 21.
Nc4 Nb4 22. Nfe5 Be6 23. a4 Bd5+ 24. Kg1 Nxc2 25. Re2 Nb4 26. Rfe1 Bxc4 27. Nxc4
Rxe2 28. Rxe2 Nxd3 0-1

[Event "ch-FRA Blitz Online Qual"]
[Site "Europe-Chess INT"]
[Date "2020.05.16"]
[Round "15"]
[White "Zachary, Bastian"]
[Black "Eric Andriana, Fitia"]
[Result "1-0"]
[WhiteElo "1923"]
[BlackElo "1401"]
[WhiteFideId "36019402"]
[BlackFideId "36094366"]
[EventDate "2020.05.16"]

1. d4 d5 2. Bf4 e6 3. e3 Nf6 4. Bd3 c5 5. c3 Nc6 6. Nd2 Be7 7. Ngf3 O-O 8. O-O
b6 9. Qb1 Bb7 10. Ne5 Nxe5 11. Bxe5 h6 12. e4 Bd6 13. exd5 Nxd5 14. Be4 Bxe5 15.
dxe5 Rb8 16. Nc4 Qc7 17. Nd6 a6 18. c4 Ne7 19. Bxb7 Rxb7 20. Nxb7 Qxb7 21. Qd3
Nf5 22. Rad1 Nd4 23. b4 Rd8 24. Qe3 Kf8 25. bxc5 bxc5 26. Rb1 Qc6 27. Rfd1 Qc7
28. f4 Qe7 29. g3 Rc8 30. Rb6 Nf5 31. Qf3 Nd4 32. Qb7 Qe8 33. Qxa6 Nf5 34. Qb5
Nd4 35. Qxe8+ Rxe8 36. a4 Rd8 37. Kf2 Ke7 38. a5 Kd7 39. Rd6+ Kc7 40. R1xd4 cxd4
41. Rxd8 Kxd8 42. Ke2 Kc7 43. Kd3 Kc6 44. Ke2 Kc5 45. a6 Kb6 46. Kd3 Kxa6 47.
Kxd4 Kb6 48. c5+ Kc7 49. Kc4 Kc6 50. Kb4 Kc7 51. Kb5 Kb7 52. c6+ Kc7 53. Kc5 Kc8
54. Kd6 Kd8 55. c7+ Kc8 56. Ke7 Kxc7 57. Kxf7 Kd7 58. Kxg7 h5 59. Kg6 Ke7 60.
Kxh5 Kf7 61. g4 Kg7 62. g5 Kf7 63. g6+ Kg7 64. Kg5 Kg8 65. h4 Kg7 66. h5 Kh8 67.
h6 Kg8 68. Kf6 Kh8 69. Kxe6 Kg8 70. f5 Kf8 71. f6 Kg8 72. Ke7 Kh8 73. e6 Kg8 74.
f7+ Kh8 75. f8=Q# 1-0

[Event "ch-FRA Blitz Online Qual"]
[Site "Europe-Chess INT"]
[Date "2020.05.16"]
[Round "15"]
[White "Daunay, Gabriel"]
[Black "Sallette, Alain"]
[Result "1-0"]
[WhiteElo "1701"]
[BlackElo "1831"]
[WhiteFideId "45103321"]
[BlackFideId "626570"]
[EventDate "2020.05.16"]

1. e4 c5 2. Nf3 Nc6 3. Bb5 a6 4. Bxc6 bxc6 5. O-O d6 6. d3 Nf6 7. e5 dxe5 8.
Nxe5 Qc7 9. Re1 Bf5 10. Qf3 Bd7 11. Nc3 e6 12. Bg5 Be7 13. Ne4 O-O 14. Nxf6+
gxf6 15. Bxf6 Bxf6 16. Qxf6 Qd8 17. Qf3 Rc8 18. Qg4+ Kh8 19. Re3 Rg8 20. Nxf7# 1-0

[Event "ch-FRA Blitz Online Qual"]
[Site "Europe-Chess INT"]
[Date "2020.05.16"]
[Round "15"]
[White "Toussaint, Florent"]
[Black "Bourgeois, Ludovic"]
[Result "1-0"]
[WhiteElo "1391"]
[BlackElo "1748"]
[WhiteFideId "36088730"]
[BlackFideId "690678"]
[EventDate "2020.05.16"]

1. d4 g6 2. e4 Bg7 3. Nc3 c5 4. Nf3 cxd4 5. Nxd4 Qa5 6. Ne2 d6 7. Bd2 Qb6 8. Rb1
Nc6 9. Nd5 Qd8 10. Bc3 Nf6 11. Nxf6+ Bxf6 12. Bxf6 exf6 13. Nc3 O-O 14. Bd3 Be6
15. O-O Ne5 16. f4 Qb6+ 17. Kh1 Ng4 18. Qf3 Ne3 19. Rfe1 Nc4 20. Bxc4 Bxc4 21.
Red1 Rad8 22. b3 Be6 23. Nd5 Bxd5 24. Rxd5 Qc6 25. Qd3 Rfe8 26. c4 Re6 27. Re1
Qe8 28. e5 fxe5 29. fxe5 Rxe5 30. Rexe5 dxe5 31. Rxd8 Qxd8 32. Qxd8+ Kg7 33. Qd5
f6 34. Qxb7+ Kh6 35. Qxa7 1-0

[Event "ch-FRA Blitz Online Qual"]
[Site "Europe-Chess INT"]
[Date "2020.05.16"]
[Round "15"]
[White "Garde, Guillaume"]
[Black "Weber, Richard"]
[Result "1-0"]
[WhiteElo "1716"]
[BlackElo "1463"]
[WhiteFideId "45138273"]
[BlackFideId "644382"]
[EventDate "2020.05.16"]

1. e4 c6 2. d4 Nf6 3. Nc3 d6 4. Bc4 Qc7 5. Nf3 e6 6. Bg5 Be7 7. Qd2 b5 8. Bb3 a5
9. Bxf6 Bxf6 10. Ne2 a4 11. e5 dxe5 12. dxe5 Be7 13. O-O axb3 14. cxb3 O-O 15.
Rac1 Bb7 16. a3 Rd8 17. Qe3 Na6 18. b4 Bf8 19. Rfd1 Rxd1+ 20. Rxd1 Rd8 21. Nfd4
Rd5 22. f4 c5 23. bxc5 Qxc5 24. Rd3 b4 25. axb4 Nxb4 26. Rb3 Ba6 27. Rc3 Qb6 28.
Kf2 Bxe2 29. Nxe2 Qxe3+ 30. Kxe3 h6 31. Kf3 Rd3+ 32. Ke4 Rxc3 33. bxc3 Nd5 34.
c4 Nb4 35. Kd4 Be7 36. c5 Kf8 37. Kc4 Nc6 38. Kb5 Nd8 39. c6 Ke8 40. c7 Nb7 41.
c8=Q+ Nd8 42. g3 Kf8 43. Nd4 g6 44. Nc6 Ke8 45. Nxd8 Bxd8 46. Kc6 Ke7 47. Qd7+
Kf8 48. Qxd8+ 1-0

[Event "ch-FRA Blitz Online Qual"]
[Site "Europe-Chess INT"]
[Date "2020.05.16"]
[Round "15"]
[White "Nezosi, Constantin"]
[Black "Briand, Maxime"]
[Result "1-0"]
[WhiteElo "1458"]
[BlackElo "1662"]
[WhiteFideId "36066974"]
[BlackFideId "651016397"]
[EventDate "2020.05.16"]

1. e4 c6 2. c4 d5 3. cxd5 cxd5 4. exd5 Qxd5 5. Nc3 Qd8 6. Nf3 Nf6 7. Bb5+ Bd7 8.
O-O Nc6 9. d4 e6 10. Re1 Be7 11. d5 exd5 12. Nxd5 Nxd5 13. Qxd5 O-O 14. Bxc6
Bxc6 15. Qxd8 Bxd8 16. Bf4 Bf6 17. Be5 Bxf3 18. Bxf6 Bc6 19. Bc3 Rfe8 20. Rad1
Rad8 21. Rxe8+ Rxe8 22. h3 h6 23. Kf1 Bb5+ 24. Kg1 Re2 25. Re1 Rxe1+ 26. Bxe1 f6
27. Bc3 Kf7 28. f3 Ke6 29. Kf2 Kd5 30. Ke3 Bf1 31. Kf2 Bd3 32. g3 Kc4 33. Ke3 b5
34. Ba5 Bb1 35. a3 g6 36. Bc3 f5 37. Kf4 Kb3 38. Ke5 a5 39. Kf6 b4 40. axb4 axb4
41. Be5 g5 42. Kg6 f4+ 43. Kxh6 fxg3 44. Bxg3 Kxb2 45. Kxg5 Ka2 46. f4 b3 47. f5
b2 48. Be5 Be4 49. Bxb2 Kxb2 50. f6 Bd5 51. h4 Kc3 52. h5 Kd4 53. h6 Bg8 54. Kg6
Ke5 55. f7 Bxf7+ 56. Kxf7 1-0

[Event "ch-FRA Blitz Online Qual"]
[Site "Europe-Chess INT"]
[Date "2020.05.16"]
[Round "15"]
[White "Ninin, Gabriel"]
[Black "Carme, Jeremie"]
[Result "1-0"]
[WhiteElo "1426"]
[BlackElo "1659"]
[WhiteFideId "45169756"]
[BlackFideId "45184593"]
[EventDate "2020.05.16"]

1. e4 c5 2. Nf3 Nc6 3. Bb5 g6 4. Bxc6 dxc6 5. O-O Bg7 6. d3 Nf6 7. h3 O-O 8. Be3
b6 9. c3 Bb7 10. Qd2 e6 11. Na3 Qc7 12. Rfd1 Rad8 13. Qc1 Rd7 14. Bh6 Rfd8 15.
Bxg7 Kxg7 16. Qe3 a6 17. Rd2 b5 18. Rad1 Qd6 19. e5 Qe7 20. exf6+ Qxf6 21. Qe5
Qxe5 22. Nxe5 Rd5 23. Nf3 h6 24. Nc2 g5 25. Ne3 R5d6 26. d4 cxd4 27. Rxd4 Rxd4
28. Rxd4 Rxd4 29. Nxd4 c5 30. Ndc2 Kf6 31. Kf1 Ke5 32. Ke2 f5 33. g3 Kf6 34. c4
b4 35. Ne1 Ke7 36. Nd3 Kd6 37. Nc2 Be4 38. Na1 Bxd3+ 39. Kxd3 e5 40. f3 a5 41.
Nb3 a4 42. Nd2 Ke6 43. b3 a3 44. Nf1 f4 45. g4 Kf6 46. Ke4 Ke6 47. Nd2 Kd6 48.
Kf5 Ke7 49. Ne4 Kd7 50. Nxc5+ Kc6 51. Ne4 Kd7 52. Kxe5 Ke7 53. c5 Kd7 54. Kd5
Kc7 55. c6 Kc8 56. Kd6 Kd8 57. c7+ Kc8 58. Nf6 h5 59. gxh5 Kb7 60. h6 Ka7 61. h7
Kb6 62. h8=Q Ka7 63. c8=Q Kb6 64. Qc6+ Ka5 65. Qha8# 1-0

[Event "ch-FRA Blitz Online Qual"]
[Site "Europe-Chess INT"]
[Date "2020.05.16"]
[Round "15"]
[White "Lamblain, Nicolas"]
[Black "Janon, Nicolas"]
[Result "1-0"]
[WhiteElo "1645"]
[BlackElo "1392"]
[WhiteFideId "20605641"]
[BlackFideId "36039136"]
[EventDate "2020.05.16"]

1. e4 e5 2. Nf3 Nc6 3. Bc4 Nf6 4. Ng5 d5 5. exd5 Na5 6. Bb5+ c6 7. dxc6 bxc6 8.
Be2 h6 9. Nf3 e4 10. Ne5 Bd6 11. d4 O-O 12. f4 Bb7 13. O-O c5 14. dxc5 Bxc5+ 15.
Kh1 Qc7 16. c3 Rad8 17. Qe1 Rfe8 18. b4 Rxe5 19. fxe5 e3 20. bxc5 Qc6 21. Bf3
Ne4 22. Bxe3 Nc4 23. Bc1 Nxe5 24. Bxe4 Qxc5 25. Bxb7 Nd3 26. Qd2 Rd7 27. Ba3 Qb6
28. Bf3 Qc7 29. Qe2 Ne5 30. Nd2 Ng6 31. Rac1 Nf4 32. Qe3 Rd3 33. Qe8+ Kh7 34.
Be4+ Ng6 35. Bxd3 Qb7 36. Bxg6+ fxg6 37. Nf3 Qd5 38. Rcd1 Qxa2 39. Bf8 h5 40.
Qf7 Qxf7 41. Ng5+ Kg8 42. Nxf7 Kxf8 43. Ng5+ Kg8 44. Rd8# 1-0

[Event "ch-FRA Blitz Online Qual"]
[Site "Europe-Chess INT"]
[Date "2020.05.16"]
[Round "15"]
[White "Hilton, Marc"]
[Black "Druon, Thibault"]
[Result "0-1"]
[WhiteElo "1546"]
[BlackElo "1644"]
[WhiteFideId "36086983"]
[BlackFideId "45166510"]
[EventDate "2020.05.16"]

1. d4 Nf6 2. c4 g6 3. Nc3 d5 4. Qb3 dxc4 5. Qxc4 Bg7 6. Bg5 O-O 7. e3 a6 8. Be2
b5 9. Qb3 c5 10. dxc5 Qc7 11. Nf3 Nbd7 12. O-O Nxc5 13. Qc2 Bf5 14. Qd2 Rfd8 15.
Nd4 e5 16. Ndxb5 axb5 17. Nxb5 Rxd2 18. Nxc7 Rc8 19. Bxf6 Bxf6 20. Nd5 Rxd5 21.
Bc4 Rd2 22. Rad1 Rxb2 23. Rd6 Ne4 24. Bxf7+ Kxf7 25. Ra6 Rcc2 26. Ra7+ Kg8 27.
a4 Rxf2 28. a5 Rxg2+ 29. Kh1 Rxh2+ 30. Kg1 Rbg2# 0-1

[Event "ch-FRA Blitz Online Qual"]
[Site "Europe-Chess INT"]
[Date "2020.05.16"]
[Round "15"]
[White "Grimault, Leane"]
[Black "Lebrun, Leo"]
[Result "1-0"]
[WhiteElo "1622"]
[BlackElo "1441"]
[WhiteFideId "36056847"]
[BlackFideId "26097435"]
[EventDate "2020.05.16"]

1. c4 Nf6 2. Nc3 g6 3. Nf3 Bg7 4. g3 d6 5. Bg2 e5 6. d3 O-O 7. O-O Nc6 8. a3 Nh5
9. Rb1 f5 10. Bd2 f4 11. b4 fxg3 12. hxg3 Ne7 13. c5 Rf7 14. cxd6 cxd6 15. Qb3
Qf8 16. Ng5 Bh6 17. Nxf7 Bxd2 18. Nxd6+ Kh8 19. Nd5 Nxd5 20. Qxd5 Qf6 21. e3 Bg4
22. Qxb7 Rd8 23. Nf7+ Kg8 24. Nxd8 Qxd8 25. Bd5+ Kh8 26. Rb2 Bc3 27. Rc2 Bh3 28.
Rxc3 Bxf1 29. Rc8 1-0

[Event "ch-FRA Blitz Online Qual"]
[Site "Europe-Chess INT"]
[Date "2020.05.16"]
[Round "15"]
[White "Chevillon, Manon"]
[Black "Hucault, Christophe"]
[Result "0-1"]
[WhiteElo "1356"]
[BlackElo "1612"]
[WhiteFideId "45135690"]
[BlackFideId "26057336"]
[EventDate "2020.05.16"]

1. e4 c5 2. Nf3 e6 3. d4 cxd4 4. Nxd4 Nf6 5. Nc3 Nc6 6. Be3 Bb4 7. Bd3 d5 8. e5
Nd7 9. f4 a6 10. a3 Bxc3+ 11. bxc3 O-O 12. Qh5 f5 13. exf6 Nxf6 14. Qh3 Nxd4 15.
Bxd4 e5 16. Bxe5 Bxh3 17. Bxf6 Qxf6 18. gxh3 Qxc3+ 19. Ke2 Rxf4 20. Rag1 Re8+
21. Kd1 Qa1+ 22. Kd2 Rf2+ 23. Be2 Rexe2+ 24. Kd3 Rd2+ 25. Ke3 Rfe2+ 26. Kf3 Qf6+
27. Kg3 Re3+ 28. Kg4 Rd4+ 29. Kh5 Rxh3# 0-1

[Event "ch-FRA Blitz Online Qual"]
[Site "Europe-Chess INT"]
[Date "2020.05.16"]
[Round "15"]
[White "Gimenez, Adrien"]
[Black "Andre, Sebastien"]
[Result "0-1"]
[WhiteElo "1591"]
[BlackElo "1610"]
[WhiteFideId "36069094"]
[BlackFideId "26016982"]
[EventDate "2020.05.16"]

1. e4 e6 2. d4 d5 3. exd5 exd5 4. Bd3 Bd6 5. Nf3 Bg4 6. c3 Nf6 7. O-O O-O 8. Be3
Nbd7 9. Nbd2 c6 10. Rc1 Qc7 11. h3 Bh5 12. Re1 Rae8 13. c4 dxc4 14. Nxc4 Bf4 15.
a4 Nd5 16. Bxf4 Qxf4 17. Be2 N7f6 18. Qd2 Qxd2 19. Ncxd2 Ne4 20. Nc4 Re7 21.
Nce5 Rfe8 22. Bc4 Bxf3 23. Nxf3 Nb4 24. Ne5 Nd6 25. Ba2 Kf8 26. Bb3 f6 27. Nf3
Rxe1+ 28. Rxe1 Rxe1+ 29. Nxe1 Ne4 30. Bc4 Nd2 31. Be6 Ke7 32. Bf5 g6 33. Bc8 b6
34. h4 Nc4 35. b3 Nd6 36. Bh3 Nb7 37. Nf3 Na5 38. Nd2 Kd6 39. g4 Kd5 40. f4 Kxd4
41. Kf1 Kc3 42. Ke1 Nxb3 43. Nxb3 Kxb3 44. f5 gxf5 45. g5 fxg5 46. hxg5 Nc2+ 47.
Kd2 Nd4 48. Ke3 Kc4 49. Kf4 b5 50. axb5 cxb5 51. Bxf5 Nxf5 52. Kxf5 b4 53. Kf6
b3 54. Kg7 b2 55. Kxh7 b1=Q+ 56. g6 Qxg6+ 57. Kxg6 a5 0-1

[Event "ch-FRA Blitz Online Qual"]
[Site "Europe-Chess INT"]
[Date "2020.05.16"]
[Round "15"]
[White "Suspene, Jacques"]
[Black "Sepahpour, Shervine"]
[Result "0-1"]
[WhiteElo "1610"]
[BlackElo "1398"]
[WhiteFideId "651023059"]
[BlackFideId "45150478"]
[EventDate "2020.05.16"]

1. e4 c5 2. c3 e6 3. d4 cxd4 4. cxd4 Nf6 5. Nc3 Bb4 6. Bd3 Nc6 7. Nf3 Qb6 8. Be3
d5 9. e5 Ng4 10. O-O Nxe3 11. fxe3 O-O 12. Ng5 h6 13. Qh5 Qc7 14. Rf4 Be7 15.
Bh7+ Kh8 16. Nxf7+ Kxh7 17. Ng5+ Bxg5 18. Rxf8 Bxe3+ 19. Kh1 Bxd4 20. Raf1 Qe7
21. R1f7 Qg5 0-1

[Event "ch-FRA Blitz Online Qual"]
[Site "Europe-Chess INT"]
[Date "2020.05.16"]
[Round "15"]
[White "Stoll, Lucia"]
[Black "Meyssirel, Tom"]
[Result "1-0"]
[WhiteElo "1561"]
[BlackElo "1333"]
[WhiteFideId "45133301"]
[BlackFideId "45197245"]
[EventDate "2020.05.16"]

1. e4 e5 2. Nf3 Nc6 3. d4 exd4 4. Nxd4 Bc5 5. Nxc6 Qf6 6. Qd2 Qxc6 7. Bd3 Ne7 8.
O-O O-O 9. Nc3 d6 10. Qg5 Ng6 11. Kh1 h6 12. Qg3 Re8 13. f4 Bd4 14. e5 dxe5 15.
f5 Nf4 16. Bxf4 exf4 17. Rxf4 Be5 18. Bb5 Bxf4 19. Qxf4 Qc5 20. Bxe8 Bxf5 21.
Bb5 Bxc2 22. Rf1 Bg6 23. Bc4 Qe7 24. Nd5 Qd7 25. Bb3 c6 26. Ne3 Rd8 27. Ng4 Qe7
28. Ne5 Kf8 29. Nxg6+ 1-0

[Event "ch-FRA Blitz Online Qual"]
[Site "Europe-Chess INT"]
[Date "2020.05.16"]
[Round "15"]
[White "Hwang, Daniel"]
[Black "Ben Mohamed, Kader"]
[Result "1-0"]
[WhiteElo "1557"]
[BlackElo "1591"]
[WhiteFideId "45136890"]
[BlackFideId "45118523"]
[EventDate "2020.05.16"]

1. e4 d5 2. exd5 Nf6 3. Bb5+ Bd7 4. Be2 Bf5 5. Nf3 Nxd5 6. O-O e6 7. d3 Bd6 8.
Re1 O-O 9. Nbd2 Qf6 10. Nf1 Bg4 11. Bg5 Qg6 12. Qd2 h6 13. Nh4 Qh5 14. Ng3 Qxg5
15. Qxg5 hxg5 16. Bxg4 gxh4 17. Ne4 f5 18. Nxd6 cxd6 19. Bf3 Nf4 20. Bxb7 Nd7
21. Bxa8 Rxa8 22. g3 hxg3 23. fxg3 Nd5 24. Rxe6 Rf8 25. Rxd6 N7b6 26. a4 f4 27.
a5 f3 28. axb6 axb6 29. Rxd5 f2+ 30. Kf1 1-0